<?xml version="1.0" encoding="UTF-8"?>
<record
    xmlns:xsi="http://www.w3.org/2001/XMLSchema-instance"
    xsi:schemaLocation="http://www.loc.gov/MARC21/slim http://www.loc.gov/standards/marcxml/schema/MARC21slim.xsd"
    xmlns="http://www.loc.gov/MARC21/slim">

  <leader>01065nam a22002172a 4500</leader>
  <datafield tag="952" ind1=" " ind2=" ">
    <subfield code="0">0</subfield>
    <subfield code="1">0</subfield>
    <subfield code="2">lcc</subfield>
    <subfield code="4">0</subfield>
    <subfield code="7">0</subfield>
    <subfield code="a">21</subfield>
    <subfield code="b">21</subfield>
    <subfield code="d">2013-03-14</subfield>
    <subfield code="l">6</subfield>
    <subfield code="o">BF311 N4518 r2012 </subfield>
    <subfield code="p">21 001551</subfield>
    <subfield code="r">2026-01-20</subfield>
    <subfield code="s">2020-02-27</subfield>
    <subfield code="t">1</subfield>
    <subfield code="w">2013-03-14</subfield>
    <subfield code="y">LB</subfield>
  </datafield>
  <datafield tag="999" ind1=" " ind2=" ">
    <subfield code="c">89231</subfield>
    <subfield code="d">89231</subfield>
  </datafield>
  <controlfield tag="008">130314s2012    mx  |||| |||| 00| 0 spa d</controlfield>
  <datafield tag="020" ind1=" " ind2=" ">
    <subfield code="a">9789682404641</subfield>
  </datafield>
  <datafield tag="050" ind1="0" ind2="4">
    <subfield code="a">BF311 </subfield>
    <subfield code="b">N4518 r2012</subfield>
  </datafield>
  <datafield tag="100" ind1=" " ind2=" ">
    <subfield code="a">Neisser, Ulric</subfield>
    <subfield code="e">autor</subfield>
  </datafield>
  <datafield tag="245" ind1="1" ind2="0">
    <subfield code="a">Psicolog&#xED;a cognoscitiva </subfield>
    <subfield code="c">/ Ulric Neisser ; tr. Seraf&#xED;n Mercado</subfield>
  </datafield>
  <datafield tag="250" ind1=" " ind2=" ">
    <subfield code="a">Reimpresi&#xF3;n</subfield>
  </datafield>
  <datafield tag="260" ind1=" " ind2=" ">
    <subfield code="a">M&#xE9;xico </subfield>
    <subfield code="b">: Trillas  </subfield>
    <subfield code="c">, r2012</subfield>
  </datafield>
  <datafield tag="300" ind1=" " ind2=" ">
    <subfield code="a">393 p&#xE1;ginas </subfield>
    <subfield code="b">: il.  </subfield>
    <subfield code="c">; 23 cm. </subfield>
  </datafield>
  <datafield tag="490" ind1=" " ind2=" ">
    <subfield code="a">Biblioteca t&#xE9;cnica de psicolog&#xED;a</subfield>
  </datafield>
  <datafield tag="500" ind1=" " ind2=" ">
    <subfield code="a">Reimpresi&#xF3;n, 2012</subfield>
  </datafield>
  <datafield tag="505" ind1=" " ind2=" ">
    <subfield code="a">Cognici&#xF3;n visual
Almacenamiento iconico
Codificaci&#xF3;n verbal
Reconocimiento de pautas
Atenci&#xF3;n focal y la sintesis de figuras
Palabras como pautas visuales
Memoria visual
Cognici&#xF3;n auditiva
Percepci&#xF3;n del lenguaje
Percepci&#xF3;n del lenguaje
Memoria ecoica y la atencion auditiva
Memoria verbal activa
Oraciones
Procesos mentales superiores.</subfield>
  </datafield>
  <datafield tag="519" ind1=" " ind2=" ">
    <subfield code="a">Educacion Mixta /</subfield>
    <subfield code="b">Psicolog&#xED;a /</subfield>
    <subfield code="c">Introducci&#xF3;n a la psicolog&#xED;a cient&#xED;fica (B02-1) /</subfield>
    <subfield code="d">(21 001551)</subfield>
  </datafield>
  <datafield tag="650" ind1=" " ind2=" ">
    <subfield code="a">COGNICION</subfield>
  </datafield>
  <datafield tag="700" ind1=" " ind2=" ">
    <subfield code="a">Mercado, Seraf&#xED;n</subfield>
  </datafield>
  <datafield tag="942" ind1=" " ind2=" ">
    <subfield code="c">LB</subfield>
    <subfield code="2">lcc</subfield>
  </datafield>
</record>
